Las Vegas in the Movies Quiz Stats

 Plays Quiz Updated Mar 12, 2016

Also try: Paris in Films
Challenge
Share
Tweet
Score 0/25 Timer 07:00
0 Plays Today
% Correct
The Hangover
96.3%
Austin Powers: International Man of Mystery
88.1%
Rain Man
86%
Ocean's Eleven
84.7%
The Godfather
74.6%
Leaving Las Vegas
72.8%
Rush Hour 2
72.3%
Get Him to the Greek
64.4%
Casino
64%
Fear and Loathing in Las Vegas
62.4%
Vegas Vacation
60.4%
Honey I Blew Up the Kid
57.7%
Indecent Proposal
57.6%
% Correct
21
56.8%
Con Air
54.9%
Now You See Me
51.1%
Swingers
50.9%
Viva Las Vegas
50.2%
Beavis and Butt-Head Do America
44.6%
What Happens in Vegas
44.4%
Last Vegas
39.4%
2012
33%
The Cooler
23.2%
Pay It Forward
21.9%
3000 Miles to Graceland
20.2%

You're not logged in!

Compare scores with friends on all Sporcle quizzes.
OR
Log In

You Might Also Like...

Show Comments

Extras

Top Quizzes Today


Score Distribution

Your Account Isn't Verified!

In order to create a playlist on Sporcle, you need to verify the email address you used during registration. Go to your Sporcle Settings to finish the process.

Report this User

Report this user for behavior that violates our Community Guidelines.

Details: